Transforming retail through artificial intelligence

Bibliográfiai részletek
Szerző: Végh Kamilla Luca
További közreműködők: Soós Dr. Gabriella
Dokumentumtípus: Diplomadolgozat
Kulcsszavak:artificial intelligence
automation
consumer behaviour
data protection
digitalization
ethics
innovation
personalization
privacy
retail
smart stores
trust
Online Access:http://dolgozattar.uni-bge.hu/59613

MARC

LEADER 00000nta a2200000 i 4500
001 dolg59613
005 20260409145314.0
008 260409suuuu hu om 000 eng d
040 |a BGE Dolgozattár Repozitórium  |b hun 
041 |a en 
100 1 |a Végh Kamilla Luca 
245 1 0 |a Transforming retail through artificial intelligence  |c Végh Kamilla Luca  |h [elektronikus dokumentum] 
520 3 |a The rise of artificial intelligence (AI) is reshaping the retail industry in fundamental ways. This thesis examines how AI technologies are influencing shopping behaviours and business strategies, and explores what kind of future we can expect as these tools become more integrated into everyday retail.The research investigates how tools such as recommendation engines, chatbots, dynamic pricing, cashier-free checkout systems, and loyalty platforms are redefining how people shop and how companies operate. AI is not only increasing efficiency and personalization but is also influencing how decisions are made, both at the consumer and business levels. Alongside its advantages, the study also highlights key concerns, including data privacy, transparency, and the risk of alienating customers through overly automated, impersonal environments.To support these findings, a qualitative research study was conducted using three semi-structured interviews with experts actively involved in the Hungarian retail and digital innovation landscape. The interviewees included the concept director of Auchan Hungary Ltd, the former managing director of Gardino, and a digital marketing specialist and trainer. Their insights provided valuable real-world perspectives on the opportunities and challenges of AI integration.The research concludes that while AI has the potential to make retail more efficient, responsive, and personalized, it is not expected to replace human roles, but to reshape them. This shift is guiding the industry toward a more adaptive, hybrid model that blends digital and physical experiences. For successful implementation, businesses must go beyond technical capacity and address ethical concerns, regulatory obligations, and emotional responses. They are also responsible for educating and supporting their customers throughout this transition, building trust and ensuring that innovation remains focused on real customer needs. 
695 |a artificial intelligence 
695 |a automation 
695 |a consumer behaviour 
695 |a data protection 
695 |a digitalization 
695 |a ethics 
695 |a innovation 
695 |a personalization 
695 |a privacy 
695 |a retail 
695 |a smart stores 
695 |a trust 
700 1 |a Soós Dr. Gabriella  |e ths 
856 4 0 |u http://dolgozattar.uni-bge.hu/59613/1/V%C3%A9gh%20Kamilla_thesis%20FIN.pdf  |z Dokumentum-elérés 
856 4 0 |u http://dolgozattar.uni-bge.hu/59613/2/BA%20KM%20angol%20b%C3%ADr%C3%A1lati%20lap%20K%C3%9CLS%C5%90_%20V%C3%A9gh%20Kamilla.pdf  |z Dokumentum-elérés 
856 4 0 |u http://dolgozattar.uni-bge.hu/59613/3/BA_KM_angol_VeghKamilla_SoosG.pdf  |z Dokumentum-elérés